| 000 -LEADER |
| fixed length control field |
00767nam a22002057a 4500 |
| 020 ## - INTERNATIONAL STANDARD BOOK NUMBER |
| ISBN |
9786214092765 |
| 082 ## - DEWEY DECIMAL CLASSIFICATION NUMBER |
| Classification number |
796.345 |
| Item number |
D3312 2024 |
| 100 ## - MAIN ENTRY--AUTHOR NAME |
| Personal name |
Dela Cruz, Francis Jose S., author. |
| 245 ## - TITLE STATEMENT |
| Title |
Physical activity towards health and fitness : PATHFIT - badminton / Francis Jose S. Dela Cruz, Danilo N. Daran, Ernesto Thaddeus M. Solmerano. |
| 260 ## - PUBLICATION, DISTRIBUTION, ETC. (IMPRINT) |
| Place of publication |
Mandaluyong City : |
| Name of publisher |
Books Atbp. Publishing Corp., |
| Year of publication |
©2024. |
| 300 ## - PHYSICAL DESCRIPTION |
| Number of Pages |
ix, 184 pages : |
| Other physical details |
illustrations ; 26 cm |
| 500 ## - GENERAL NOTE |
| General note |
Includes bibliographical references. |
| 650 ## - SUBJECT ADDED ENTRY--TOPICAL TERM |
| Topical Term |
Badminton. |
| 650 ## - SUBJECT ADDED ENTRY--TOPICAL TERM |
| Topical Term |
Badminton -- Rules. |
| 650 ## - SUBJECT ADDED ENTRY--TOPICAL TERM |
| Topical Term |
Badminton -- Study and teaching. |
| 650 ## - SUBJECT ADDED ENTRY--TOPICAL TERM |
| Topical Term |
Badminton -- Training. |
| 700 ## - ADDED ENTRY--PERSONAL NAME |
| Personal name |
Daran, Danilo N. |
| 700 ## - ADDED ENTRY--PERSONAL NAME |
| Personal name |
Solmerano, Ernesto Thaddeus M. |
| 942 ## - ADDED ENTRY ELEMENTS (KOHA) |
| Koha item type |
Books |